Longest Roads In Edina MN - Statistics

General Stats
  • This quiz has been taken 16 times
  • The average score is 6 of 20
Answer Stats
Hint Length
(Miles)
Answer % Correct
2. 4.74 France Ave
83%
5. 2.86 Vernon Ave
67%
6. 2.75 Gleason Ave
50%
11. 2.02 Interlachen Blvd
50%
13. 1.72 Tracy Ave
50%
1. 4.84 Valley View Road
50%
8. 2.60 Xerxes Ave
50%
9. 2.23 66th Street
33%
7. 2.74 70th Street
33%
16. 1.61 Blake Road
33%
3. 3.01 Woodale Ave
33%
14. 1.63 60th Street
17%
4. 2.87 York Ave
17%
17. 1.54 56th Street
0%
10. 2.18 64th Street
0%
20. 1.50 78th Street
0%
18. 1.54 Lincoln Drive
0%
15. 1.62 McCauley Trail
0%
19. 1.54 Schaefer Road
0%
12. 1.87 Shore Drive
0%
No matching quizzes found
Score Distribution
Percent of People with Each Score
Percentile by Number Answered
Your Score History
You have not taken this quiz